| 000 | 00898nam a22002297a 4500 | ||
|---|---|---|---|
| 999 |
_c4269 _d4269 |
||
| 003 | AR-CdUCM | ||
| 008 | 190308b ||||| |||| 00| 0 spa d | ||
| 040 |
_aMUNICIPALIDAD PROVINCIAL DEL CUSCO _cBIBLIOTECA MUNICIPAL DEL CUSCO |
||
| 082 |
_a728.1 / _bZ84 |
||
| 100 |
_aZolezzi Chocano, Mario _913497 |
||
| 245 |
_aVivienda popular : _bAutoconstrucción y lucha por el agua / |
||
| 260 |
_aLima : _bDESCO, Centro de Estudios y Promoción del Desarrollo, _c1985. |
||
| 300 |
_a115 páginas ; _bCuadros, _c20 cm. |
||
| 505 | _aContenido: Déficit de vivienda y autoconstrucción -- Estudio de caso -- Movimiento de pobladores y lucha por el agua potable -- Estudio de caso. | ||
| 650 |
_aVIvienda popular _913498 |
||
| 650 |
_aCrecimiento urbano _913499 |
||
| 650 |
_aAgua potable _911845 |
||
| 650 |
_aPoblación _93673 |
||
| 700 |
_aCalderón, Julio _94802 |
||
| 942 |
_2ddc _cLIBROS |
||
| 945 | _adavv | ||